مكتبة جامعة عجلون الوطنية

فهرس بحث المكتبة

اثر ذكاء الأعمال على السلامة المهنية للعاملين في مصانع الاسمنت في الأردن = The Impact of Business Intelligence on Occupational Safety for Employees at Cement Factories in Jordan / (Record no. 33943)

MARC details
000 -LEADER
fixed length control field 01307nam a22002177a 4500
003 - CONTROL NUMBER IDENTIFIER
control field JO-AjAnu
005 - DATE AND TIME OF LATEST TRANSACTION
control field 20250715104550.0
008 - FIXED-LENGTH DATA ELEMENTS--GENERAL INFORMATION
fixed length control field 250715b jo ||||| |||| 00| 0 ara d
040 ## - CATALOGING SOURCE
Original cataloging agency JO-AjAnu
Language of cataloging ara
Transcribing agency JO-AjAnu
Modifying agency JO-AjAnu
Description conventions rda
041 ## - LANGUAGE CODE
Language code of text/sound track or separate title ara
Language code of original ara
050 ## - LIBRARY OF CONGRESS CALL NUMBER
Classification number HD38.7
Item number 2025
100 #1 - MAIN ENTRY--PERSONAL NAME
Personal name الخصاونة، فاطمة عبد الحميد عقلة
Relator term معد
9 (RLIN) 66590
245 #0 - TITLE STATEMENT
Title اثر ذكاء الأعمال على السلامة المهنية للعاملين في مصانع الاسمنت في الأردن = The Impact of Business Intelligence on Occupational Safety for Employees at Cement Factories in Jordan /
Statement of responsibility, etc. اعداد فاطمة عبد الحميد عقلة خصاونة ؛ اشراف نضال فواز حسين القضاة، خالد محمد مفلح الذيابات
260 ## - PUBLICATION, DISTRIBUTION, ETC.
Date of publication, distribution, etc. 2025
300 ## - PHYSICAL DESCRIPTION
Extent 100 ورقة
504 ## - BIBLIOGRAPHY, ETC. NOTE
Bibliography, etc. note رسالة جامعية(رسالة ماجستير)-جامعة عجلون الوطنية(عجلون، الاردن)-كلية الاعمال، قسم ادارة الاعمال، 2025.
650 70 - SUBJECT ADDED ENTRY--TOPICAL TERM
Topical term or geographic name entry element ادارة الاعمال-ذكاء الاعمال
9 (RLIN) 66591
700 #1 - ADDED ENTRY--PERSONAL NAME
Personal name القضاة، نضال فواز حسين
9 (RLIN) 64939
Relator term مشرف رئيسي
700 #1 - ADDED ENTRY--PERSONAL NAME
Personal name الذيابات، خالد محمد مفلح
Relator term مشرف مشارك
9 (RLIN) 66592
942 ## - ADDED ENTRY ELEMENTS (KOHA)
Source of classification or shelving scheme Library of Congress Classification
Koha item type Thesis
Suppress in OPAC No
Holdings
Withdrawn status Lost status Source of classification or shelving scheme Damaged status Not for loan Home library Current library Date acquired Total Checkouts Full call number Barcode Date last seen Price effective from Koha item type
    Library of Congress Classification     مكتبة جامعة عجلون الوطنية مكتبة جامعة عجلون الوطنية 15/07/2025   HD38.7 2025 a30313 15/07/2025 15/07/2025 Thesis
    Library of Congress Classification     مكتبة جامعة عجلون الوطنية مكتبة جامعة عجلون الوطنية 15/07/2025   HD38.7 2025 a30314 15/07/2025 15/07/2025 Thesis